| 000 -LEADER |
| fixed length control field |
01602 a2200253 4500 |
| 003 - CONTROL NUMBER IDENTIFIER |
| control field |
Nust |
| 005 - DATE AND TIME OF LATEST TRANSACTION |
| control field |
20220802115425.0 |
| 010 ## - LIBRARY OF CONGRESS CONTROL NUMBER |
| LC control number |
2003062037 |
| 020 ## - INTERNATIONAL STANDARD BOOK NUMBER |
| International Standard Book Number |
047148492X (cloth : alk. paper) |
| 040 ## - CATALOGING SOURCE |
| Transcribing agency |
Nust |
| 082 00 - DEWEY DECIMAL CLASSIFICATION NUMBER |
| Classification number |
620.0014,TEN |
| 100 1# - MAIN ENTRY--PERSONAL NAME |
| Personal name |
Tenopir, Carol. |
| 9 (RLIN) |
96227 |
| 245 10 - TITLE STATEMENT |
| Title |
Communication Patterns of Engineers / |
| Statement of responsibility, etc. |
Carol Tenopir, Donald W. King. |
| 260 ## - PUBLICATION, DISTRIBUTION, ETC. |
| Place of publication, distribution, etc. |
Hoboken, NJ : |
| Name of publisher, distributor, etc. |
John Wiley, |
| Date of publication, distribution, etc. |
2004. |
| 300 ## - PHYSICAL DESCRIPTION |
| Extent |
x, 266 p. ; |
| Dimensions |
24 cm. |
| 505 ## - FORMATTED CONTENTS NOTE |
| Formatted contents note |
Introduction (Page-1), Communication Models (Page-11), A Communications Framework for Engineers (Page-27), The Engineering Profession and Communication (Page-37), Engineers' Information Seeking and Use (Page-71), Information Output by Engineers (Page-89), Engineering Education and Communication Skills (Page-99), The Engineering Scholarly Journal Channel (Page-113), Engineers' Journal Information-Seeking and Reading Patterns in an Emerging Electronic Era (Page-133), Engineering Communication Patterns Compared with Science and Medicine (Page-149), The NASA/DOD Aerospace Knowledge Diffusion Research Project (Page-163), |
| 650 #0 - SUBJECT ADDED ENTRY--TOPICAL TERM |
| Topical term or geographic name entry element |
Communication in engineering. |
| 9 (RLIN) |
96228 |
| 700 1# - ADDED ENTRY--PERSONAL NAME |
| Personal name |
King, Donald Ward, |
| Dates associated with a name |
1932- |
| 9 (RLIN) |
96229 |
| 856 42 - ELECTRONIC LOCATION AND ACCESS |
| Materials specified |
Book review (E-STREAMS) |
| Uniform Resource Identifier |
<a href="http://www.e-streams.com/es0707/es0707_3360.html">http://www.e-streams.com/es0707/es0707_3360.html</a> |
| 856 42 - ELECTRONIC LOCATION AND ACCESS |
| Materials specified |
Contributor biographical information |
| Uniform Resource Identifier |
<a href="http://www.loc.gov/catdir/bios/wiley046/2003062037.html">http://www.loc.gov/catdir/bios/wiley046/2003062037.html</a> |
| 856 42 - ELECTRONIC LOCATION AND ACCESS |
| Materials specified |
Publisher description |
| Uniform Resource Identifier |
<a href="http://www.loc.gov/catdir/description/wiley041/2003062037.html">http://www.loc.gov/catdir/description/wiley041/2003062037.html</a> |
| 856 42 - ELECTRONIC LOCATION AND ACCESS |
| Materials specified |
Table of contents |
| Uniform Resource Identifier |
<a href="http://www.loc.gov/catdir/toc/wiley041/2003062037.html">http://www.loc.gov/catdir/toc/wiley041/2003062037.html</a> |
| 942 ## - ADDED ENTRY ELEMENTS (KOHA) |
| Koha item type |
Reference |
| Source of classification or shelving scheme |
|